000 00309nam a2200157Ia 4500
100 _aIMS
650 _aGeneral
942 _cBK
654 _apersonal interview
245 _aThe Personal interview
260 _bIMS
_c2004
082 _a658.402
_bIMS
300 _a76
546 _aENGLISH
999 _c19202
_d19202